000 00952nam0a22002411 4500
001 rc\469598
005 20260407081246.0
035 _a(NLR Aleph) 005713503
090 _a7403077
_c7403077
100 _a20030616d1988 |||y0rusy50 ca
101 0 _arus
102 _aRU
105 _aa |||||||||
200 1 _aИнженерное обеспечение зданий и сооружений
_eСб. науч. тр.
_fТашк. политехн. ин-т им. Абу Райхана Беруни
_g[Редкол.: С.И. Табак (отв. ред.), Н.Н. Батарина]
210 _aТашкент
_cТашПИ
_d1988
215 _a83, [1] с.
_cил.
_d20
702 1 _aТабак
_bС.И.
_4340
712 0 2 _aТашкентский политехнический институт им. А. Беруни
_3RU\NLR\AUTH\886959
_9285894
801 0 _aRU
_bNLR
_gpsbo
801 1 _aRU
_bELAR
_2rusmarc
852 _aNLR
_j88-4/23759
942 _cBOOK
980 _aNB